<?xml version="1.0" encoding="UTF-8"?>
<collection xmlns="http://www.loc.gov/MARC21/slim">
  <record>
    <leader>00000nam  2200000   4500</leader>
    <controlfield tag="001">INLIS000000000001700</controlfield>
    <controlfield tag="005">20180724142857</controlfield>
    <controlfield tag="008">180724|||||||||   |   |||   |||| ||   | </controlfield>
    <datafield tag="035" ind1=" " ind2=" ">
      <subfield code="0">010-0718001700</subfield>
    </datafield>
    <datafield tag="041" ind1=" " ind2=" ">
      <subfield code="a">id</subfield>
    </datafield>
    <datafield tag="082" ind1=" " ind2=" ">
      <subfield code="a">R.019 PIM I 206</subfield>
    </datafield>
    <datafield tag="090" ind1=" " ind2=" ">
      <subfield code="a">R.045 PIM I 206</subfield>
    </datafield>
    <datafield tag="100" ind1=" " ind2=" ">
      <subfield code="a">Tuilan, Jimmy Jantje</subfield>
    </datafield>
    <datafield tag="245" ind1=" " ind2=" ">
      <subfield code="a">Optimalisasi Pengelolaan Penerimaan Negara Bukan Pajak (PNBP) POLRI Berbasis Online</subfield>
    </datafield>
    <datafield tag="260" ind1=" " ind2=" ">
      <subfield code="a">Jakarta</subfield>
      <subfield code="b">LAN Jakarta</subfield>
      <subfield code="c">2016</subfield>
    </datafield>
    <datafield tag="500" ind1=" " ind2=" ">
      <subfield code="a">Optimalisasi pengelolaan Penerimaan Negara Bukan Pajak (PNBP) di lingkungan Polri berbasis online merupakan suatu upaya mewujudkan transparansi dan akuntabilitas pengelolaan keuangan negara melalui pembangunan sistem pengelolaan pendapatan negara yang bersumber dari PNBP dengan menggunakan sistem teknologi informasi atau berbasis web.</subfield>
    </datafield>
    <datafield tag="650" ind1=" " ind2=" ">
      <subfield code="a">Bukan Pajak</subfield>
    </datafield>
  </record>
</collection>
